000 00361nam a2200121Ia 4500
008 230524s9999 xx 000 0 und d
100 _a"K.P.Ramachandran, G.K. Vijayaraghavan, M.S.Balasundaram"
245 0 _aMechatronics : Integrated Mechanical Electronic Systems
260 _bJ.Wiley
500 _aQuantity Number: 45
650 _aElectrical
942 _cBK
999 _c49532
_d49532